Quelle équipe n'a pas gagné la LDC ? - Statistiques

Statistiques générales
  • Ce quiz a été pris 1 474 fois
  • Le résultat moyen est 7 sur 12
Answers on the Grid
Answers color-coded by a green-red scale on the quiz's grid according to % correct below.
Real Madrid
Manchester United
Arsenal
Bayern
Dortmund
Hamburg
PSG
Barça
Atletico Madrid
Leverkusen
Inter Milan
As Roma
Ac Milan
Naples
Juventus
Marseille
Benfica
Ajax
Sporting CP
Chelsea
Liverpool
Tottenham
Fc Seville
Steaua Bucarest
Etoile Rouge de Belgrade
Fk Sarajevo
Glasgow Rangers
Notthingham Forrest
Celtic Glasgow
Galatasaray
 
Statistiques - réponses
Réponse % Correct
Arsenal
83%
PSG
65%
Atletico Madrid
64%
Leverkusen
63%
As Roma
59%
Tottenham
59%
Naples
57%
Fc Seville
55%
Fk Sarajevo
54%
Galatasaray
54%
Sporting CP
54%
Glasgow Rangers
42%
Aucun quiz correspondant
Distribution des résultats
% des personnes avec chaque résultat
Percentile par nombre de réponses
Votre historique - résultats
Vous n’avez pas pris ce quiz